000 00438nam a2200181Ia 4500
001 19410
005 20260306172651.0
008 260306t1998||||xx |||||||||||||| ||spa||
041 _aESP
082 _a659.14
_bC26
100 _aCarrillo Checa, Salvador
_eAUT
245 0 _aEstrategias de medios publicitarios
260 _c1998
300 _a150 páginas :
_c24 cm.
650 _aGEN
654 _aCAN
942 _cLIB
_dJUS
_fJUS
_2ddc
_n
999 _c19410
_d19410